Construction law report (Record no. 3400)
[ view plain ]
| 000 -LEADER | |
|---|---|
| fixed length control field | 01098cab a2200253 4500 |
| 001 - CONTROL NUMBER | |
| control field | ABS37628 |
| 008 - FIXED-LENGTH DATA ELEMENTS--GENERAL INFORMATION | |
| fixed length control field | 090401t1987 xxu||||| |||| 00| 0 eng d |
| 035 ## - SYSTEM CONTROL NUMBER | |
| System control number | (Sirsi) u5701 |
| 041 ## - LANGUAGE CODE | |
| Language code of text/sound track or separate title | eng |
| 100 ## - MAIN ENTRY--PERSONAL NAME | |
| Personal name | Powell-Smith, V. |
| 245 ## - TITLE STATEMENT | |
| Title | Construction law report |
| 260 ## - PUBLICATION, DISTRIBUTION, ETC. | |
| Date of publication, distribution, etc. | 1987 |
| 350 ## - PRICE (NR) (BK AM CF MU VM SE) [OBSOLETE] | |
| Price | 0 |
| 490 ## - SERIES STATEMENT | |
| Series statement | Architects` Journal |
| Volume/sequential designation | 185(13) 1 April 1987, 59-60(2) |
| 520 ## - SUMMARY, ETC. | |
| Summary, etc. | A discussion of points raised by the growing body of case law relevant to architects in practice in the construction industry. These include cases to do with an architect`s negligent supervision; the design liability of a design and build contractor; determination of contractor`s employment and limitation period cases. |
| 650 ## - SUBJECT ADDED ENTRY--TOPICAL TERM | |
| Topical term or geographic name entry element | BASILDON DC V JE LESSER PROPERTIES LTD |
| 650 ## - SUBJECT ADDED ENTRY--TOPICAL TERM | |
| Topical term or geographic name entry element | IMPERIAL COLLEGE OF SCIENCE AND TECHNOLOGY V NORMAN AND DAWBARN |
| 650 ## - SUBJECT ADDED ENTRY--TOPICAL TERM | |
| Topical term or geographic name entry element | JONES V STROUD DC |
| 650 ## - SUBJECT ADDED ENTRY--TOPICAL TERM | |
| Topical term or geographic name entry element | LONDON CONGREGATIONAL UNION INC V HARRISS AND HARRISS |
| 650 ## - SUBJECT ADDED ENTRY--TOPICAL TERM | |
| Topical term or geographic name entry element | SUPAMARL LTD V FEDERATED HOMES LTD |
| 690 ## - LOCAL SUBJECT ADDED ENTRY--TOPICAL TERM (OCLC, RLIN) | |
| Topical term or geographic name as entry element | MANAGEMENT-BUSINESS MANAGEMENT-PROFESSIONAL PRACTICE |
| 942 ## - ADDED ENTRY ELEMENTS (KOHA) | |
| Suppress in OPAC | 0 |
| 948 ## - LOCAL PROCESSING INFORMATION (OCLC); SERIES PART DESIGNATOR (RLIN) | |
| c (OCLC) | 04/03/1997 |
| Withdrawn status | Lost status | Source of classification or shelving scheme | Damaged status | Not for loan | Home library | Current library | Shelving location | Date acquired | Total Checkouts | Full call number | Barcode | Date last seen | Copy number | Price effective from | Koha item type |
|---|---|---|---|---|---|---|---|---|---|---|---|---|---|---|---|
| Dewey Decimal Classification | London | London | Journal article | 14/09/1999 | ABS37628 | 5701-1001 | 06/08/2019 | 1 | 06/08/2019 | Journal article |